European Secessionist Movements on a Map - random - Statistics

General Stats
  • This quiz has been taken 56 times
  • The average score is 15 of 18
Answers on the Map
Answers color-coded by a green-red scale on the quiz's map according to % correct below.
 
Answer Stats
Currently part of Secessionist movement % Correct
United Kingdom Scotland
100%
Denmark Faroe Islands
96%
France, Spain Basque Country
92%
Germany Bavaria
92%
Spain Catalonia
92%
Spain Galicia
92%
Belgium Flanders
90%
Finland Åland Islands
84%
France Brittany
84%
Italy Sicily
84%
France Corsica
82%
Moldova Transnistria
80%
United Kingdom Cornwall
78%
Finland, Russia Karelia
78%
Bosnia and Herzegovina Republika Srpska
69%
Czech Republic Moravia
67%
Italy Padania
65%
Serbia Vojvodina
53%
No matching quizzes found
Score Distribution
Percent of People with Each Score
Percentile by Number Answered
Your Score History
You have not taken this quiz